000 00943nam a2200265Ia 4500
003 OSt
005 20220930090519.0
006 a|||||r|||| 00| 0
007 ta
008 220926b |||||||| |||| 00| 0 eng d
024 _a117541
037 _cTheses
040 _aCRL
_cCRL
_beng
041 _2eng
_aeng
100 _aBagla Prachi
_9264643
110 _aUniversity of Delhi. Faculty of Applied Social Sciences & Humanities. Department of Business Economics
245 0 _aSocial responsibility of corporate health sector
_b A study of national capital region
260 _c2011
650 _aBUSINESS
700 _a Dr. Yamini Gupt Gu.
_9542748
700 _a Prof. Rashmi Agrawal Gu.
_9533131
700 _aUniversity of Delhi. Faculty of Applied Social Sciences & Humanities. Department of Business Economics
942 _cDIS
_2CC
999 _c880676
_d880676